000 00328nam a2200133 a 4500
005 20140513081052.0
008 030203s19uu xx 00 eng d
050 _aP 535.6
_bMIX 2001
245 _aMixing colors.
260 _bMabuahy Boardgames,
_c2001.
300 _aPoster
650 _aColor wheel--Posters
999 _c116366
_d116366